Russkie i karely : ri͡adom i vmeste /

Disimpan dalam:
Butiran Bibliografi
Pengarang Utama: Smirnov, I͡U. M.
Format: Buku
Bahasa:Russian
Diterbitkan: Tverʹ : GERS, 2004.
Siri:Serii͡a "Peshkom po Tverskoĭ oblasti".
Biblioteka kraeveda.
Subjek-subjek:
Penanda-penanda: Tambah Penanda
Tiada Penanda, Jadilah orang pertama menanda rekod ini!
LEADER 01107nam a2200313Ia 4500
001 009596072-4
005 20060705125235.0
008 060228s2004 ru a b 000 0 rusod
035 0 |a ocm64396040 
040 |a NOC  |c NOC 
043 |a e-ru--- 
050 4 |a DK511.T7  |b S65 2004 
090 |a DK511.T7  |b S65 2004 
100 1 |a Smirnov, I͡U. M. 
245 1 0 |a Russkie i karely :  |b ri͡adom i vmeste /  |c I͡U.M. Smirnov. 
260 |a Tverʹ :  |b GERS,  |c 2004. 
300 |a 173 p. :  |b ill. ;  |c 20 cm. 
490 1 |a Serii͡a "Peshkom po Tverskoĭ oblasti" 
490 1 |a Biblioteka kraeveda 
504 |a Includes bibliographical references (p. 171). 
650 0 |a Karelians  |z Russia (Federation)  |z Tverskai͡a oblastʹ. 
650 0 |a Migration, Internal  |z Russia (Federation)  |z Tverskai͡a oblastʹ. 
651 0 |a Tverskai͡a oblastʹ (Russia)  |x History. 
655 7 |a History.  |2 fast 
776 0 8 |i Online version:  |a Smirnov, I͡U. M.  |t Russkie i karely.  |d Tverʹ : GERS, 2004  |w (OCoLC)681898684 
830 0 |a Serii͡a "Peshkom po Tverskoĭ oblasti". 
830 0 |a Biblioteka kraeveda. 
988 |a 20050405 
906 |0 OCLC